000 00617cam a2200193 i 4500
005 20260223122345.0
008 250721s1980 xxc gr 000 0 eng d
020 _a0136377858
082 1 4 _a621.38153
_bC O U
245 1 0 _aoperational amplifiers and linear integrated circuits /
_cRobertF.Coughlin, Frederick F. Driscoll.
250 _asecond edition.
264 3 1 _anew jersey :
_bprentice-hall,
_c1980.
300 _a376pages.
650 1 7 _aoperational amplifiers.
650 1 7 _alinear integrated circuits.
700 1 _adriscoll, fredrick
_eauthor.
942 _2ddc
_cBK
999 _c143508
_d143508